000 00777nam a2200265Ia 4500
003 OSt
005 20220925175651.0
006 a|||||r|||| 00| 0
007 ta
008 220923b |||||||| |||| 00| 0 eng d
020 _a0521366259
037 _cGeneral Book
040 _aRTL
_cRTL
_beng
041 _2eng
_aeng
082 _aX:3M24xM18:g, N1
100 _aCarver Terrell Ed.
_9142024
245 0 _aCambridge companion to Marx
260 _aCambridge
_bCambridge University Press
_c1991
300 _axiii, 357p
_ccm.
490 _aCambridge Companions
500 _aBiboliography: p 339-52
650 _aEconomics Classics Karl Mark
_9231515
942 _hX:3M24xM18:g, N1
_cGB
_2CC
999 _c494185
_d494185